Word Ladder: Brit's Afternoon Drink Quiz Stats

 Plays Quiz Updated Jun 11, 2016

Challenge
Share
Tweet
Embed
Score 0/26 Timer 03:00
0 Plays Today
Hint 3-Letter Word % Correct
* Pecan or cashew, e.g. ** NUT *
96.9%
Opposite of 'In'OUT
96.8%
Forget-me-___NOT
96.6%
* Consume ** EAT *
96.5%
* Bony BBQ item ** RIB *
95.8%
InsectBUG
95.6%
Sing wordlesslyHUM
95.6%
Listening appendageEAR
95.2%
Add upSUM
95.1%
Pod vegetablePEA
94.9%
MassageRUB
94.9%
* Pork sandwich filler ** HAM *
94.6%
Little white lieFIB
94.5%
Hint 3-Letter Word % Correct
* Water container ** JUG *
94.4%
Lively danceJIG
94.2%
* Muesli or muffin grain ** OAT *
94.1%
* Newton cookie fruit ** FIG *
94%
* Sweet spreadable Scone topping ** JAM *
93.8%
* Brewed beverage ** TEA *
93.7%
ProhibitBAN
93.3%
* Cake cookware ** PAN *
93.3%
Expected number of golf swingsPAR
93.3%
Puppy or kittenPET
92.8%
* Sweet roll ** BUN *
92.6%
* Container brewing for [Last Rung] ** POT *
92.1%
* Relative of a hoagie or grinder ** SUB *
91.6%

Today's Daily Dose

You're not logged in!

Compare scores with friends on all Sporcle quizzes.
OR
Log In

You Might Also Like...

Show Comments

Extras

Top Quizzes Today


Score Distribution

Your Account Isn't Verified!

In order to create a playlist on Sporcle, you need to verify the email address you used during registration. Go to your Sporcle Settings to finish the process.

Report this User

Report this user for behavior that violates our Community Guidelines.

Details: